[Event "ODJM A 2025"]
[Site "Willingen GER"]
[Date "2025.06.11"]
[Round "5"]
[White "Nguyen, Phuc Nhat"]
[Black "Uhlmann, Tim"]
[Result "0-1"]
[Termination "normal"]
[Board "19"]
[WhiteElo "1974"]
[BlackElo "2118"]
[WhiteClock "00:02:43"]
[BlackClock "00:33:35"]
[PlyCount "130"]
[WhiteFideId "16253590"]
[BlackFideId "16239210"]
[EventCountry "GER"]
[EventRounds "9"]
[EventType "swiss"]
[EventDate "2025.06.07"]

1. e4 {[%clk 01:30:57]} {[%emt 00:00:02]} e5 {[%clk 01:30:58]} {[%emt
00:00:03]} 2. Nf3 {[%clk 01:31:19]} {[%emt 00:00:07]} Nc6 {[%clk 01:31:25]}
{[%emt 00:00:04]} 3. Bb5 {[%clk 01:31:42]} {[%emt 00:00:06]} a6 {[%clk
01:31:42]} {[%emt 00:00:14]} 4. Bxc6 {[%clk 01:32:06]} {[%emt 00:00:05]} dxc6
{[%clk 01:32:08]} {[%emt 00:00:04]} 5. Nc3 {[%clk 01:32:31]} {[%emt 00:00:05]}
f6 {[%clk 01:31:44]} {[%emt 00:00:54]} 6. d4 {[%clk 01:32:53]} {[%emt
00:00:09]} exd4 {[%clk 01:32:00]} {[%emt 00:00:14]} 7. Nxd4 {[%clk 01:33:12]}
{[%emt 00:00:10]} c5 {[%clk 01:31:57]} {[%emt 00:00:34]} 8. Nde2 {[%clk
01:33:36]} {[%emt 00:00:05]} Qxd1+ {[%clk 01:31:57]} {[%emt 00:00:30]} 9. Nxd1
{[%clk 01:34:02]} {[%emt 00:00:05]} Bd6 {[%clk 01:31:36]} {[%emt 00:00:50]} 10.
Bf4 {[%clk 01:34:20]} {[%emt 00:00:12]} Ne7 {[%clk 01:31:31]} {[%emt 00:00:35]}
11. Bxd6 {[%clk 01:34:12]} {[%emt 00:00:38]} cxd6 {[%clk 01:32:00]} {[%emt
00:00:01]} 12. Ne3 {[%clk 01:34:41]} {[%emt 00:00:02]} Be6 {[%clk 01:30:22]}
{[%emt 00:02:07]} 13. O-O-O {[%clk 01:24:56]} {[%emt 00:10:14]} O-O-O {[%clk
01:30:23]} {[%emt 00:00:30]} 14. Nf4 {[%clk 01:24:05]} {[%emt 00:01:21]} Bf7
{[%clk 01:30:07]} {[%emt 00:00:45]} 15. h4 {[%clk 00:59:15]} {[%emt 00:25:20]}
Rhe8 {[%clk 01:23:35]} {[%emt 00:07:03]} 16. f3 {[%clk 00:57:57]} {[%emt
00:01:48]} b5 {[%clk 01:18:11]} {[%emt 00:05:54]} 17. Rd2 {[%clk 00:45:06]}
{[%emt 00:13:21]} Kc7 {[%clk 01:12:55]} {[%emt 00:05:46]} 18. Rhd1 {[%clk
00:42:41]} {[%emt 00:02:55]} Kc6 {[%clk 01:08:42]} {[%emt 00:04:43]} 19. b3
{[%clk 00:38:47]} {[%emt 00:04:25]} b4 {[%clk 01:06:58]} {[%emt 00:02:14]} 20.
Kb2 {[%clk 00:38:58]} {[%emt 00:00:18]} Rd7 {[%clk 01:02:50]} {[%emt 00:04:37]}
21. Nfd5 {[%clk 00:34:11]} {[%emt 00:05:19]} Nxd5 {[%clk 01:03:02]} {[%emt
00:00:17]} 22. Nxd5 {[%clk 00:34:24]} {[%emt 00:00:17]} f5 {[%clk 01:01:04]}
{[%emt 00:02:28]} 23. exf5 {[%clk 00:33:54]} {[%emt 00:00:59]} Re5 {[%clk
01:01:15]} {[%emt 00:00:20]} 24. c4 {[%clk 00:31:04]} {[%emt 00:03:20]} bxc3+
{[%clk 01:01:00]} {[%emt 00:00:45]} 25. Nxc3 {[%clk 00:31:28]} {[%emt
00:00:07]} Rxf5 {[%clk 01:00:53]} {[%emt 00:00:36]} 26. Ne4 {[%clk 00:30:00]}
{[%emt 00:01:57]} d5 {[%clk 00:59:20]} {[%emt 00:02:04]} 27. Ng5 {[%clk
00:29:57]} {[%emt 00:00:33]} Bg8 {[%clk 00:59:02]} {[%emt 00:00:48]} 28. Re2
{[%clk 00:26:28]} {[%emt 00:03:58]} h6 {[%clk 00:57:45]} {[%emt 00:01:47]} 29.
Nh3 {[%clk 00:25:54]} {[%emt 00:01:04]} Bf7 {[%clk 00:55:24]} {[%emt 00:02:52]}
30. Nf2 {[%clk 00:25:32]} {[%emt 00:00:52]} h5 {[%clk 00:47:20]} {[%emt
00:08:34]} 31. Nh3 {[%clk 00:25:06]} {[%emt 00:00:56]} d4 {[%clk 00:46:43]}
{[%emt 00:01:07]} 32. Ng5 {[%clk 00:23:46]} {[%emt 00:01:50]} Bd5 {[%clk
00:44:34]} {[%emt 00:02:38]} 33. Kc2 {[%clk 00:17:53]} {[%emt 00:06:23]} a5
{[%clk 00:38:47]} {[%emt 00:06:17]} 34. Re8 {[%clk 00:12:50]} {[%emt 00:05:33]}
a4 {[%clk 00:37:06]} {[%emt 00:02:13]} 35. Ne4 {[%clk 00:08:46]} {[%emt
00:04:32]} axb3+ {[%clk 00:33:24]} {[%emt 00:04:13]} 36. axb3 {[%clk 00:09:14]}
{[%emt 00:00:02]} Rb7 {[%clk 00:32:14]} {[%emt 00:01:40]} 37. Nd2 {[%clk
00:08:05]} {[%emt 00:01:40]} Kd7 {[%clk 00:23:42]} {[%emt 00:09:00]} 38. Rde1
{[%clk 00:08:05]} {[%emt 00:00:30]} Bf7 {[%clk 00:20:02]} {[%emt 00:04:10]} 39.
R8e7+ {[%clk 00:08:06]} {[%emt 00:00:30]} Kc6 {[%clk 00:19:13]} {[%emt
00:01:18]} 40. Rxb7 {[%clk 00:04:25]} {[%emt 00:04:12]} Kxb7 {[%clk 00:19:38]}
{[%emt 00:00:04]} 41. Kd3 {[%clk 00:01:05]} {[%emt 00:03:48]} Kc6 {[%clk
00:18:26]} {[%emt 00:01:44]} 42. Nc4 {[%clk 00:24:43]} {[%emt 00:06:53]} Bd5
{[%clk 00:45:54]} {[%emt 00:03:01]} 43. Re7 {[%clk 00:23:10]} {[%emt 00:02:04]}
g5 {[%clk 00:44:09]} {[%emt 00:02:15]} 44. hxg5 {[%clk 00:19:05]} {[%emt
00:04:35]} Rxg5 {[%clk 00:44:33]} {[%emt 00:00:06]} 45. Re2 {[%clk 00:17:21]}
{[%emt 00:02:13]} Kb5 {[%clk 00:39:32]} {[%emt 00:05:31]} 46. Re5 {[%clk
00:07:17]} {[%emt 00:10:35]} Rxe5 {[%clk 00:39:34]} {[%emt 00:00:28]} 47. Nxe5
{[%clk 00:07:45]} {[%emt 00:00:02]} Bxb3 {[%clk 00:39:55]} {[%emt 00:00:09]}
48. f4 {[%clk 00:08:08]} {[%emt 00:00:07]} Ba2 {[%clk 00:39:12]} {[%emt
00:01:13]} 49. g4 {[%clk 00:05:13]} {[%emt 00:03:24]} hxg4 {[%clk 00:38:44]}
{[%emt 00:00:59]} 50. Nxg4 {[%clk 00:05:41]} {[%emt 00:00:01]} Bb1+ {[%clk
00:38:41]} {[%emt 00:00:32]} 51. Kd2 {[%clk 00:06:09]} {[%emt 00:00:02]} Kc6
{[%clk 00:38:34]} {[%emt 00:00:37]} 52. Nf6 {[%clk 00:02:02]} {[%emt 00:04:38]}
Bf5 {[%clk 00:36:19]} {[%emt 00:02:45]} 53. Nh5 {[%clk 00:02:23]} {[%emt
00:00:08]} Kd5 {[%clk 00:34:44]} {[%emt 00:02:05]} 54. Ng3 {[%clk 00:02:49]}
{[%emt 00:00:05]} Bh7 {[%clk 00:33:33]} {[%emt 00:01:41]} 55. Kc1 {[%clk
00:03:08]} {[%emt 00:00:10]} c4 {[%clk 00:33:26]} {[%emt 00:00:37]} 56. Kd2
{[%clk 00:03:37]} {[%emt 00:00:02]} c3+ {[%clk 00:33:21]} {[%emt 00:00:35]} 57.
Kd1 {[%clk 00:02:51]} {[%emt 00:01:14]} d3 {[%clk 00:33:20]} {[%emt 00:00:33]}
58. Kc1 {[%clk 00:00:57]} {[%emt 00:02:25]} Be4 {[%clk 00:33:10]} {[%emt
00:00:40]} 59. Nf1 {[%clk 00:00:59]} {[%emt 00:00:27]} Kd4 {[%clk 00:32:59]}
{[%emt 00:00:41]} 60. Kd1 {[%clk 00:01:23]} {[%emt 00:00:06]} Bg2 {[%clk
00:32:27]} {[%emt 00:01:01]} 61. Nh2 {[%clk 00:01:33]} {[%emt 00:00:19]} Ke4
{[%clk 00:32:11]} {[%emt 00:00:47]} 62. f5 {[%clk 00:01:37]} {[%emt 00:00:27]}
Kxf5 {[%clk 00:32:27]} {[%emt 00:00:13]} 63. Kc1 {[%clk 00:01:58]} {[%emt
00:00:09]} Kf4 {[%clk 00:32:43]} {[%emt 00:00:13]} 64. Kd1 {[%clk 00:02:20]}
{[%emt 00:00:09]} Kg3 {[%clk 00:33:09]} {[%emt 00:00:04]} 65. Nf1+ {[%clk
00:02:43]} {[%emt 00:00:07]} Bxf1 {[%clk 00:33:35]} {[%emt 00:00:05]} 0-1

[Event "ODJM A 2025"]
[Site "Willingen GER"]
[Date "2025.06.11"]
[Round "5"]
[White "Bergmann, Lennart"]
[Black "Tulchynsky, David"]
[Result "1/2-1/2"]
[Termination "normal"]
[Board "20"]
[WhiteElo "1860"]
[BlackElo "2009"]
[WhiteClock "00:01:39"]
[BlackClock "00:09:04"]
[PlyCount "139"]
[WhiteFideId "16270657"]
[BlackFideId "16289560"]
[EventCountry "GER"]
[EventRounds "9"]
[EventType "swiss"]
[EventDate "2025.06.07"]

1. Nf3 {[%clk 01:30:40]} {[%emt 00:00:20]} d6 {[%clk 01:30:11]} {[%emt
00:00:49]} 2. d3 {[%clk 01:29:52]} {[%emt 00:01:18]} e5 {[%clk 01:30:06]}
{[%emt 00:00:34]} 3. g3 {[%clk 01:29:10]} {[%emt 00:01:12]} f5 {[%clk
01:30:03]} {[%emt 00:00:33]} 4. c4 {[%clk 01:28:24]} {[%emt 00:01:17]} Nf6
{[%clk 01:30:12]} {[%emt 00:00:21]} 5. Nc3 {[%clk 01:28:34]} {[%emt 00:00:19]}
g6 {[%clk 01:30:18]} {[%emt 00:00:25]} 6. Bg2 {[%clk 01:26:43]} {[%emt
00:02:20]} Bg7 {[%clk 01:30:03]} {[%emt 00:00:46]} 7. O-O {[%clk 01:26:36]}
{[%emt 00:00:37]} O-O {[%clk 01:30:27]} {[%emt 00:00:06]} 8. Rb1 {[%clk
01:20:04]} {[%emt 00:07:02]} h6 {[%clk 01:28:25]} {[%emt 00:02:31]} 9. Qc2
{[%clk 01:18:44]} {[%emt 00:01:50]} g5 {[%clk 01:20:38]} {[%emt 00:08:18]} 10.
e3 {[%clk 01:18:49]} {[%emt 00:00:25]} Nh5 {[%clk 01:17:12]} {[%emt 00:03:55]}
11. d4 {[%clk 01:11:18]} {[%emt 00:08:00]} e4 {[%clk 01:09:56]} {[%emt
00:07:47]} 12. Nd2 {[%clk 01:09:10]} {[%emt 00:02:38]} c6 {[%clk 01:09:03]}
{[%emt 00:01:24]} 13. b4 {[%clk 01:04:39]} {[%emt 00:05:00]} Nd7 {[%clk
01:01:30]} {[%emt 00:08:04]} 14. c5 {[%clk 00:59:19]} {[%emt 00:05:49]} d5
{[%clk 01:00:30]} {[%emt 00:01:31]} 15. b5 {[%clk 00:47:10]} {[%emt 00:12:40]}
f4 {[%clk 00:57:55]} {[%emt 00:03:06]} 16. bxc6 {[%clk 00:44:38]} {[%emt
00:03:02]} bxc6 {[%clk 00:57:56]} {[%emt 00:00:28]} 17. Qa4 {[%clk 00:39:16]}
{[%emt 00:05:52]} Qc7 {[%clk 00:54:24]} {[%emt 00:04:03]} 18. Nb3 {[%clk
00:36:44]} {[%emt 00:03:01]} a5 {[%clk 00:52:42]} {[%emt 00:02:13]} 19. Bd2
{[%clk 00:34:24]} {[%emt 00:02:50]} Ba6 {[%clk 00:44:25]} {[%emt 00:08:47]} 20.
Rfe1 {[%clk 00:32:20]} {[%emt 00:02:32]} Bd3 {[%clk 00:44:42]} {[%emt
00:00:14]} 21. Rb2 {[%clk 00:29:01]} {[%emt 00:03:50]} fxg3 {[%clk 00:44:21]}
{[%emt 00:00:50]} 22. hxg3 {[%clk 00:28:11]} {[%emt 00:01:20]} Rf7 {[%clk
00:31:28]} {[%emt 00:13:23]} 23. Ne2 {[%clk 00:19:06]} {[%emt 00:09:35]} Bb5
{[%clk 00:30:04]} {[%emt 00:01:54]} 24. Qa3 {[%clk 00:19:35]} {[%emt 00:00:01]}
a4 {[%clk 00:30:21]} {[%emt 00:00:13]} 25. Nc3 {[%clk 00:19:56]} {[%emt
00:00:09]} Raf8 {[%clk 00:23:57]} {[%emt 00:06:53]} 26. Nxb5 {[%clk 00:20:16]}
{[%emt 00:00:11]} cxb5 {[%clk 00:24:20]} {[%emt 00:00:06]} 27. Ba5 {[%clk
00:20:40]} {[%emt 00:00:07]} Qa7 {[%clk 00:24:05]} {[%emt 00:00:44]} 28. Bb4
{[%clk 00:20:40]} {[%emt 00:00:30]} Ne5 29. dxe5 {[%clk 00:19:46]} axb3 {[%clk
00:21:26]} {[%emt 00:00:05]} 30. Qxb3 {[%clk 00:20:04]} {[%emt 00:00:12]} Bxe5
{[%clk 00:21:13]} {[%emt 00:00:43]} 31. Rd2 {[%clk 00:19:52]} {[%emt 00:00:42]}
Nf6 {[%clk 00:21:27]} {[%emt 00:00:16]} 32. Rxd5 {[%clk 00:13:10]} {[%emt
00:07:12]} Nxd5 {[%clk 00:20:48]} {[%emt 00:01:09]} 33. Qxd5 {[%clk 00:13:39]}
{[%emt 00:00:01]} Bg7 {[%clk 00:20:02]} {[%emt 00:01:16]} 34. Bxe4 {[%clk
00:13:57]} {[%emt 00:00:11]} Kh8 {[%clk 00:17:04]} {[%emt 00:03:29]} 35. c6
{[%clk 00:13:36]} {[%emt 00:00:52]} Rxf2 {[%clk 00:17:23]} {[%emt 00:00:11]}
36. Bxf8 {[%clk 00:13:53]} {[%emt 00:00:12]} Rxf8 {[%clk 00:17:48]} {[%emt
00:00:05]} 37. Qxb5 {[%clk 00:08:30]} {[%emt 00:05:53]} Qxa2 {[%clk 00:14:37]}
{[%emt 00:03:41]} 38. Re2 {[%clk 00:06:35]} {[%emt 00:02:25]} Qf7 {[%clk
00:12:07]} {[%emt 00:03:00]} 39. Rc2 {[%clk 00:06:09]} {[%emt 00:00:56]} Qc7
{[%clk 00:02:08]} {[%emt 00:10:29]} 40. Kg2 {[%clk 00:02:05]} {[%emt 00:04:34]}
Qe7 {[%clk 00:00:37]} {[%emt 00:02:02]} 41. Qd5 {[%clk 00:25:37]} {[%emt
00:06:57]} Be5 {[%clk 00:26:39]} {[%emt 00:04:28]} 42. Qd7 {[%clk 00:20:38]}
{[%emt 00:05:29]} Rf7 {[%clk 00:26:31]} {[%emt 00:00:38]} 43. Qxe7 {[%clk
00:20:30]} {[%emt 00:00:38]} Rxe7 {[%clk 00:26:55]} {[%emt 00:00:05]} 44. Bf5
{[%clk 00:20:00]} {[%emt 00:01:00]} Bc7 {[%clk 00:26:18]} {[%emt 00:01:08]} 45.
Kf3 {[%clk 00:15:54]} {[%emt 00:04:36]} Kg7 {[%clk 00:26:34]} {[%emt 00:00:14]}
46. g4 {[%clk 00:16:16]} {[%emt 00:00:08]} Kf6 {[%clk 00:26:42]} {[%emt
00:00:22]} 47. Bd7 {[%clk 00:13:52]} {[%emt 00:02:54]} Rh7 {[%clk 00:23:51]}
{[%emt 00:03:19]} 48. Rc5 {[%clk 00:10:59]} {[%emt 00:03:26]} h5 {[%clk
00:22:22]} {[%emt 00:01:58]} 49. Rf5+ {[%clk 00:11:06]} {[%emt 00:00:24]} Ke7
{[%clk 00:22:43]} {[%emt 00:00:08]} 50. Rxg5 {[%clk 00:08:27]} {[%emt
00:03:09]} hxg4+ {[%clk 00:22:17]} {[%emt 00:00:56]} 51. Rxg4 {[%clk 00:06:56]}
{[%emt 00:02:01]} Rh3+ {[%clk 00:21:55]} {[%emt 00:00:51]} 52. Ke2 {[%clk
00:07:16]} {[%emt 00:00:10]} Rg3 {[%clk 00:22:03]} {[%emt 00:00:23]} 53. Re4+
{[%clk 00:07:31]} {[%emt 00:00:15]} Kd6 {[%clk 00:21:58]} {[%emt 00:00:35]} 54.
Kd3 {[%clk 00:04:49]} {[%emt 00:03:12]} Bb6 {[%clk 00:21:45]} {[%emt 00:00:42]}
55. Re6+ {[%clk 00:04:54]} {[%emt 00:00:26]} Kc7 {[%clk 00:22:08]} {[%emt
00:00:06]} 56. Re8 {[%clk 00:05:15]} {[%emt 00:00:10]} Kd6 {[%clk 00:21:45]}
{[%emt 00:00:51]} 57. Ke2 {[%clk 00:05:12]} {[%emt 00:00:35]} Kd5 {[%clk
00:19:48]} {[%emt 00:02:27]} 58. e4+ {[%clk 00:05:15]} {[%emt 00:00:27]} Kd4
{[%clk 00:17:50]} {[%emt 00:02:28]} 59. Rb8 {[%clk 00:03:57]} {[%emt 00:01:48]}
Ba5 {[%clk 00:17:35]} {[%emt 00:00:45]} 60. Rb5 {[%clk 00:03:43]} {[%emt
00:00:44]} Ra3 {[%clk 00:14:39]} {[%emt 00:03:26]} 61. Bf5 {[%clk 00:03:20]}
{[%emt 00:00:53]} Re3+ {[%clk 00:13:37]} {[%emt 00:01:32]} 62. Kf2 {[%clk
00:03:18]} {[%emt 00:00:32]} Be1+ {[%clk 00:12:38]} {[%emt 00:01:29]} 63. Kf1
{[%clk 00:03:08]} {[%emt 00:00:41]} Bg3 {[%clk 00:12:55]} {[%emt 00:00:13]} 64.
Rd5+ {[%clk 00:03:29]} {[%emt 00:00:09]} Kc4 {[%clk 00:12:38]} {[%emt
00:00:46]} 65. Rd7 {[%clk 00:03:32]} {[%emt 00:00:27]} Rc3 {[%clk 00:08:16]}
{[%emt 00:04:53]} 66. Rd5 {[%clk 00:01:58]} {[%emt 00:02:03]} Kb4 {[%clk
00:08:24]} {[%emt 00:00:21]} 67. Bd7 {[%clk 00:02:22]} {[%emt 00:00:06]} Rc5
{[%clk 00:08:34]} {[%emt 00:00:19]} 68. Rd4+ {[%clk 00:02:03]} {[%emt
00:00:50]} Rc4 {[%clk 00:08:54]} {[%emt 00:00:11]} 69. Rd3 {[%clk 00:01:45]}
{[%emt 00:00:47]} Bf4 {[%clk 00:09:04]} {[%emt 00:00:20]} 70. Ke2 {[%clk
00:01:39]} {[%emt 00:00:37]} 1/2-1/2

[Event "ODJM A 2025"]
[Site "Willingen GER"]
[Date "2025.06.11"]
[Round "5"]
[White "Vollmar, Timo"]
[Black "Abou Wally, Adrian"]
[Result "1-0"]
[Termination "normal"]
[Board "21"]
[WhiteElo "1885"]
[BlackElo "1947"]
[WhiteClock "00:13:41"]
[BlackClock "00:04:19"]
[PlyCount "87"]
[WhiteFideId "16253582"]
[BlackFideId "16245113"]
[EventCountry "GER"]
[EventRounds "9"]
[EventType "swiss"]
[EventDate "2025.06.07"]

1. e4 {[%clk 01:30:56]} {[%emt 00:00:03]} c6 {[%clk 01:30:52]} {[%emt
00:00:08]} 2. d4 {[%clk 01:31:18]} {[%emt 00:00:08]} d5 {[%clk 01:31:20]}
{[%emt 00:00:01]} 3. f3 {[%clk 01:31:39]} {[%emt 00:00:09]} e6 {[%clk
01:31:40]} {[%emt 00:00:11]} 4. Bd3 {[%clk 01:31:10]} {[%emt 00:00:59]} dxe4
{[%clk 01:22:50]} {[%emt 00:09:20]} 5. fxe4 {[%clk 01:30:26]} {[%emt 00:01:14]}
c5 {[%clk 01:19:22]} {[%emt 00:03:58]} 6. c3 {[%clk 01:29:36]} {[%emt
00:01:21]} Nc6 {[%clk 01:17:01]} {[%emt 00:02:49]} 7. Nf3 {[%clk 01:26:02]}
{[%emt 00:04:04]} cxd4 {[%clk 01:13:11]} {[%emt 00:04:21]} 8. cxd4 {[%clk
01:26:13]} {[%emt 00:00:18]} Bb4+ {[%clk 01:13:28]} {[%emt 00:00:14]} 9. Nc3
{[%clk 01:24:53]} {[%emt 00:01:50]} Nge7 {[%clk 01:13:35]} {[%emt 00:00:23]}
10. Be3 {[%clk 01:23:16]} {[%emt 00:02:06]} O-O {[%clk 01:11:48]} {[%emt
00:02:18]} 11. O-O {[%clk 01:21:06]} {[%emt 00:02:39]} h6 {[%clk 01:08:03]}
{[%emt 00:04:16]} 12. Qd2 {[%clk 01:11:27]} {[%emt 00:10:09]} Ng6 {[%clk
01:01:10]} {[%emt 00:07:29]} 13. e5 {[%clk 01:06:22]} {[%emt 00:05:28]} Nce7
{[%clk 00:53:58]} {[%emt 00:07:42]} 14. Bxh6 {[%clk 01:00:47]} {[%emt
00:06:06]} Qa5 {[%clk 00:52:48]} {[%emt 00:01:40]} 15. Bg5 {[%clk 00:53:37]}
{[%emt 00:07:40]} Bd7 {[%clk 00:44:09]} {[%emt 00:09:10]} 16. a3 {[%clk
00:51:44]} {[%emt 00:02:22]} Bxc3 {[%clk 00:44:29]} {[%emt 00:00:10]} 17. bxc3
{[%clk 00:52:09]} {[%emt 00:00:04]} Rac8 {[%clk 00:44:33]} {[%emt 00:00:28]}
18. Rfc1 {[%clk 00:40:18]} {[%emt 00:12:20]} Bc6 {[%clk 00:35:56]} {[%emt
00:09:06]} 19. Nh4 {[%clk 00:36:12]} {[%emt 00:04:36]} Rc7 {[%clk 00:34:54]}
{[%emt 00:01:33]} 20. Nxg6 {[%clk 00:35:37]} {[%emt 00:01:04]} Nxg6 {[%clk
00:35:22]} {[%emt 00:00:02]} 21. Qe2 {[%clk 00:31:40]} {[%emt 00:04:27]} Rfc8
{[%clk 00:32:06]} {[%emt 00:03:47]} 22. c4 {[%clk 00:31:00]} {[%emt 00:01:10]}
Be8 {[%clk 00:30:40]} {[%emt 00:01:56]} 23. h4 {[%clk 00:28:01]} {[%emt
00:03:29]} Qb6 {[%clk 00:27:39]} {[%emt 00:03:32]} 24. Qg4 {[%clk 00:26:24]}
{[%emt 00:02:06]} Nxe5 {[%clk 00:27:46]} {[%emt 00:00:22]} 25. Qe4 {[%clk
00:23:46]} {[%emt 00:03:08]} Nxd3 {[%clk 00:26:52]} {[%emt 00:01:25]} 26. Qxd3
{[%clk 00:24:11]} {[%emt 00:00:06]} f6 {[%clk 00:17:55]} {[%emt 00:09:27]} 27.
Bf4 {[%clk 00:21:01]} {[%emt 00:03:40]} Rc6 {[%clk 00:13:35]} {[%emt 00:04:51]}
28. c5 {[%clk 00:20:51]} {[%emt 00:00:40]} Qd8 {[%clk 00:13:58]} {[%emt
00:00:07]} 29. Bd6 {[%clk 00:20:07]} {[%emt 00:01:12]} Bf7 {[%clk 00:12:52]}
{[%emt 00:01:37]} 30. Re1 {[%clk 00:19:22]} {[%emt 00:01:14]} b6 {[%clk
00:12:52]} {[%emt 00:00:32]} 31. Qg3 {[%clk 00:17:49]} {[%emt 00:02:03]} bxc5
{[%clk 00:12:23]} {[%emt 00:00:58]} 32. dxc5 {[%clk 00:18:08]} {[%emt
00:00:12]} e5 {[%clk 00:08:37]} {[%emt 00:04:15]} 33. Rab1 {[%clk 00:16:47]}
{[%emt 00:01:52]} Qd7 {[%clk 00:04:42]} {[%emt 00:04:25]} 34. Red1 {[%clk
00:16:41]} {[%emt 00:00:35]} Qf5 {[%clk 00:05:04]} {[%emt 00:00:08]} 35. Rb7
{[%clk 00:15:43]} {[%emt 00:01:29]} a6 {[%clk 00:05:27]} {[%emt 00:00:07]} 36.
Rdb1 {[%clk 00:15:37]} {[%emt 00:00:36]} e4 {[%clk 00:05:10]} {[%emt 00:00:47]}
37. Rxf7 {[%clk 00:14:30]} {[%emt 00:01:36]} Kxf7 {[%clk 00:04:55]} {[%emt
00:00:45]} 38. Rb7+ {[%clk 00:14:55]} {[%emt 00:00:05]} R6c7 {[%clk 00:04:16]}
{[%emt 00:01:11]} 39. Bxc7 {[%clk 00:14:53]} {[%emt 00:00:30]} Qxc5+ {[%clk
00:04:27]} {[%emt 00:00:19]} 40. Kh2 {[%clk 00:14:49]} {[%emt 00:00:33]} Qc6
{[%clk 00:04:52]} {[%emt 00:00:07]} 41. Qb3+ {[%clk 00:14:46]} {[%emt
00:00:33]} Kg6 {[%clk 00:04:20]} {[%emt 00:01:02]} 42. Bf4 {[%clk 00:14:32]}
{[%emt 00:00:43]} Qc4 {[%clk 00:04:09]} {[%emt 00:00:41]} 43. Qg3+ {[%clk
00:13:42]} {[%emt 00:01:21]} Kf5 {[%clk 00:04:19]} {[%emt 00:00:20]} 44. Rxg7
{[%clk 00:13:41]} {[%emt 00:00:31]} 1-0

[Event "ODJM A 2025"]
[Site "Willingen GER"]
[Date "2025.06.11"]
[Round "5"]
[White "Ruddat, Jarne"]
[Black "Arp, Piotr"]
[Result "1-0"]
[Termination "normal"]
[Board "22"]
[WhiteElo "1925"]
[BlackElo "1863"]
[WhiteClock "00:33:45"]
[BlackClock "00:14:24"]
[PlyCount "55"]
[WhiteFideId "16254236"]
[BlackFideId "34657398"]
[EventCountry "GER"]
[EventRounds "9"]
[EventType "swiss"]
[EventDate "2025.06.07"]

1. e4 {[%clk 01:30:58]} {[%emt 00:00:02]} c5 {[%clk 01:29:43]} {[%emt
00:01:17]} 2. Nf3 {[%clk 01:31:17]} {[%emt 00:00:28]} d6 {[%clk 01:15:08]}
{[%emt 00:00:04]} 3. d4 {[%clk 01:31:30]} {[%emt 00:00:17]} cxd4 {[%clk
01:15:35]} {[%emt 00:00:03]} 4. Nxd4 {[%clk 01:31:49]} {[%emt 00:00:10]} Nf6
{[%clk 01:16:03]} {[%emt 00:00:04]} 5. Nc3 {[%clk 01:32:03]} {[%emt 00:00:15]}
a6 {[%clk 01:16:27]} {[%emt 00:00:07]} 6. Nb3 {[%clk 01:29:42]} {[%emt
00:02:50]} e6 {[%clk 01:16:47]} {[%emt 00:00:11]} 7. g4 {[%clk 01:28:20]}
{[%emt 00:01:52]} Be7 {[%clk 01:16:53]} {[%emt 00:00:23]} 8. Bg2 {[%clk
01:26:42]} {[%emt 00:02:07]} Nc6 {[%clk 01:14:56]} {[%emt 00:02:28]} 9. Be3
{[%clk 01:23:13]} {[%emt 00:03:58]} Qc7 {[%clk 01:14:14]} {[%emt 00:01:13]} 10.
Qe2 {[%clk 01:22:49]} {[%emt 00:00:54]} b5 {[%clk 01:06:09]} {[%emt 00:08:36]}
11. g5 {[%clk 01:21:01]} {[%emt 00:02:18]} Nd7 {[%clk 01:06:20]} {[%emt
00:00:18]} 12. h4 {[%clk 01:19:13]} {[%emt 00:02:18]} Nb6 {[%clk 01:01:29]}
{[%emt 00:05:21]} 13. O-O-O {[%clk 01:17:57]} {[%emt 00:01:45]} Bb7 {[%clk
00:58:11]} {[%emt 00:03:50]} 14. f4 {[%clk 01:17:30]} {[%emt 00:00:56]} Nc4
{[%clk 00:55:42]} {[%emt 00:02:59]} 15. Kb1 {[%clk 01:16:33]} {[%emt 00:01:27]}
Nxe3 {[%clk 00:53:30]} {[%emt 00:02:42]} 16. Qxe3 {[%clk 01:16:46]} {[%emt
00:00:18]} h6 {[%clk 00:53:30]} {[%emt 00:00:29]} 17. g6 {[%clk 01:11:07]}
{[%emt 00:06:21]} O-O-O {[%clk 00:50:27]} {[%emt 00:03:21]} 18. gxf7 {[%clk
01:10:04]} {[%emt 00:01:33]} Bf6 {[%clk 00:48:51]} {[%emt 00:02:06]} 19. Rhf1
{[%clk 01:01:01]} {[%emt 00:09:32]} Kb8 {[%clk 00:35:35]} {[%emt 00:13:47]} 20.
Bh3 {[%clk 00:59:38]} {[%emt 00:01:52]} Bxc3 {[%clk 00:34:53]} {[%emt
00:01:13]} 21. bxc3 {[%clk 00:53:15]} {[%emt 00:06:54]} Qxf7 {[%clk 00:34:50]}
{[%emt 00:00:33]} 22. Qb6 {[%clk 00:53:18]} {[%emt 00:00:26]} Rhe8 {[%clk
00:30:52]} {[%emt 00:04:28]} 23. Rg1 {[%clk 00:52:05]} {[%emt 00:01:43]} Rd7
{[%clk 00:21:14]} {[%emt 00:10:08]} 24. e5 {[%clk 00:50:16]} {[%emt 00:02:19]}
Qxf4 {[%clk 00:19:19]} {[%emt 00:02:25]} 25. Nc5 {[%clk 00:46:42]} {[%emt
00:04:05]} Qf7 {[%clk 00:17:30]} {[%emt 00:02:18]} 26. exd6 {[%clk 00:42:30]}
{[%emt 00:04:42]} Ne5 {[%clk 00:15:16]} {[%emt 00:02:44]} 27. Rgf1 {[%clk
00:33:31]} {[%emt 00:09:29]} Qg6 {[%clk 00:14:24]} {[%emt 00:01:21]} 28. Nxd7+
{[%clk 00:33:45]} {[%emt 00:00:17]} 1-0